000 00375nam a2200121Ia 4500
008 220615s9999||||xx |||||||||||||| ||und||
100 _aAmal H. Hamza
245 0 _aVitamin C
546 _aEnglish[eng]
650 _aLife Sciences||Vitaminology||Genetics and Molecular Biology||Alimentology||Biochemistry
856 _uhttps://www.intechopen.com/books/vitamin-c
942 _cEB
999 _c19048
_d19048